000 00285nam a2200097Ia 4500
001 899151
005 20250826184443.0
008 250824s9999 xx 000 0 und d
245 0 _aTANRI NIN SAVAŞÇILARI SELAHADDİN EYYUBİ VE KRAL RICHARD
_cJAMES RESTON,JR.
260 _bPANAMA YAYINLARI
999 _c899151
_d899151